=LDR 00000nam 2200000 4500 =001 INLIS000000000024624 =005 20210312091454 =035 ##$$a 0010-061300000024624 =008 210312################g##########0#ind## =041 ##$$a Ind =082 ##$$a 334 =090 ##$$a 334, Ano d =245 1#$$a Dinamika koperasi /$c Panji Anoraga, SE., MM., Dra. Ninik Widiyanti =260 ##$$a Jakarta :$b Bina Aksara,$c 2003 =300 ##$$a ix, 292 hlm, ; $c 22 x 15 cm. =650 #4$$a Koperasi =850 ##$$a NBPNMAT =020 ##$$a 979-518-356-7 =084 ##$$a 334 ANO d =250 ##$$a cet.4 =700 #$$a Widiyanti, Ninik =100 1#$$a Anoraga, Panji =990 ##$$a 20609831 =990 ##$$a 10606871 =990 ##$$a 51300023 =990 ##$$a 10606872 =990 ##$$a 20609832 =990 ##$$a 10606870 =990 ##$$a 10606873 =990 ##$$a 00050794 =990 ##$$a 10606870 =990 ##$$a 20609831 =990 ##$$a 10606871 =990 ##$$a 51300023 =990 ##$$a 10606872 =990 ##$$a 20609832 =990 ##$$a 10606873 =990 ##$$a 00050794